[Event "HUN-chT2 Charousek 1819"]
[Site "Hungary"]
[Date "2019.02.24"]
[Round "8.12"]
[White "Juhasz, Judit"]
[Black "Schreuder Peters, Misja"]
[Result "0-1"]
[WhiteElo "1956"]
[BlackElo "1854"]
[PlyCount "62"]
[EventDate "2018.09.23"]
[EventType "team-tourn"]
[EventRounds "11"]
[EventCountry "HUN"]
[SourceTitle "CBM 189 Extra"]
[Source "ChessBase"]
[SourceDate "2019.06.03"]
[SourceVersion "1"]
[SourceVersionDate "2019.06.03"]
[SourceQuality "1"]
[WhiteTeam "Tapolca Varosi"]
[BlackTeam "Budapest HASE"]
[WhiteTeamCountry "HUN"]
[BlackTeamCountry "HUN"]

1. e4 c5 2. Nf3 g6 3. d4 cxd4 4. Nxd4 Nc6 5. Be3 Nf6 6. Nc3 Bg7 7. Bc4 0-0 8. Bb3 a5 9. a4 Ng4 10. Qxg4 Nxd4 11. Qg3 Nxb3 12. cxb3 d6 13. Nd5 Be6 14. Bb6 Qd7 15. Nc7 Rac8 16. Rc1 f5 17. f4 Bxb2 18. Rc2 Ba3 19. Bxa5 fxe4 20. h3 d5 21. 0-0 Bd6 22. Nxe6 Qxe6 23. Rxc8 Qxc8 24. Kh1 Rxf4 25. Qe1 Qf5 26. Rxf4 Qxf4 27. Kg1 e3 28. Bb6 Qh2+ 29. Kf1 Qh1+ 30. Ke2 Qxg2+ 31. Kxe3 Qe4+ 0-1

[Event "Budapest-chT1 Lilienthal 1718"]
[Site "Budapest"]
[Date "2017.12.10"]
[Round "5"]
[White "Schreuder Peters, Misja"]
[Black "Makrai, Peter"]
[Result "1-0"]
[WhiteElo "1911"]
[BlackElo "1725"]
[PlyCount "73"]
[EventDate "2017.10.01"]
[EventType "team-tourn"]
[EventRounds "13"]
[EventCountry "HUN"]
[SourceTitle "EXT 2021"]
[Source "ChessBase"]
[SourceDate "2020.10.23"]
[SourceVersion "1"]
[SourceVersionDate "2020.10.23"]
[SourceQuality "1"]
[WhiteTeam "Budapest MTK III"]
[BlackTeam "Csepel"]
[WhiteTeamCountry "HUN"]
[BlackTeamCountry "HUN"]

1. f4 d5 2. Nf3 Nf6 3. e3 c5 4. b3 Nc6 5. Bb5 Bd7 6. Bb2 e6 7. 0-0 Be7 8. d3 0-0 9. Bxc6 Bxc6 10. Ne5 Qc8 11. Nd2 Rd8 12. Ndf3 Be8 13. Qe1 h6 14. Qh4 Qc7 15. g4 Nh7 16. g5 hxg5 17. fxg5 f6 18. gxf6 Bxf6 19. Qg3 Rac8 20. Rf2 d4 21. e4 Bh5 22. Bc1 Bxf3 23. Nxf3 Qxg3+ 24. hxg3 e5 25. Bd2 Rf8 26. Raf1 Rce8 27. Rh2 Rf7 28. Kg2 g6 29. Rh6 Rg7 30. Rfh1 Ree7 31. g4 g5 32. Ng1 Ref7 33. Ne2 Bd8 34. Ng3 Rf6 35. R6h5 Rfg6 36. Nf5 Rd7 37. Rf1 1-0

[Event "HUN-chT2 Erkel 1516"]
[Site "Hungary"]
[Date "2016.04.17"]
[Round "11.8"]
[White "Schreuder Peters, Misja"]
[Black "Horvath, Jeno Kalman"]
[Result "1/2-1/2"]
[WhiteElo "1955"]
[BlackElo "1988"]
[PlyCount "26"]
[EventDate "2015.09.13"]
[EventType "team-tourn"]
[EventRounds "11"]
[EventCountry "HUN"]
[SourceTitle "EXT 2017"]
[Source "ChessBase"]
[SourceDate "2016.10.25"]
[SourceVersion "1"]
[SourceVersionDate "2016.10.25"]
[SourceQuality "1"]
[WhiteTeam "Budapest MTK II"]
[BlackTeam "Foti"]
[WhiteTeamCountry "HUN"]
[BlackTeamCountry "HUN"]

1. Nf3 g6 2. g3 Bg7 3. Bg2 d6 4. d4 Nf6 5. c4 0-0 6. Nc3 Nbd7 7. 0-0 e5 8. e3 Re8 9. b3 c6 10. dxe5 dxe5 11. Bb2 Qc7 12. Qc2 Nc5 13. e4 Nfd7 1/2-1/2

[Event "Prague Holiday K32"]
[Site "Prague"]
[Date "2013.07.31"]
[Round "6"]
[White "Rommel, Wilfried"]
[Black "Schreuder Peters, Misja"]
[Result "0-1"]
[WhiteElo "1927"]
[BlackElo "1915"]
[PlyCount "80"]
[EventDate "2013.07.28"]
[EventType "tourn"]
[EventRounds "9"]
[EventCountry "CZE"]
[SourceTitle "EXT 2023"]
[Source "ChessBase"]
[SourceDate "2022.10.05"]
[SourceVersion "1"]
[SourceVersionDate "2022.10.05"]
[SourceQuality "1"]

1. e4 c5 2. Nf3 g6 3. d4 cxd4 4. Nxd4 Nc6 5. Nc3 Bg7 6. Be3 Nf6 7. Bc4 0-0 8. Qd2 Ng4 9. Nxc6 dxc6 10. 0-0-0 Qxd2+ 11. Rxd2 b5 12. Bb3 a5 13. a4 Nxe3 14. fxe3 Bxc3 15. bxc3 bxa4 16. Bxa4 Be6 17. Bxc6 Rac8 18. Bd5 Rxc3 19. Rd3 Rc7 20. Kd2 Rfc8 21. Rc1 Bd7 22. Ra3 a4 23. Ba2 Kg7 24. c3 Rb8 25. Rc2 e6 26. c4 Bc6 27. Kc3 Bxe4 28. Rd2 Bc6 29. g3 Kf6 30. Rb2 Rcb7 31. Rxb7 Rxb7 32. c5 Rb5 33. Kc4 Rb2 34. Kc3 Rxh2 35. Kb4 Rb2+ 36. Ka5 Rb5+ 37. Kxa4 Rxc5+ 38. Kb4 Rb5+ 39. Kc3 Rg5 40. Ra6 Bg2 0-1

[Event "Prague Holiday K32"]
[Site "Prague"]
[Date "2013.07.28"]
[Round "1"]
[White "Hadzala, Daniel"]
[Black "Schreuder Peters, Misja"]
[Result "0-1"]
[WhiteElo "2088"]
[BlackElo "1915"]
[PlyCount "82"]
[EventDate "2013.07.28"]
[EventType "tourn"]
[EventRounds "9"]
[EventCountry "CZE"]
[SourceTitle "EXT 2023"]
[Source "ChessBase"]
[SourceDate "2022.10.05"]
[SourceVersion "1"]
[SourceVersionDate "2022.10.05"]
[SourceQuality "1"]

1. c4 Nf6 2. Nc3 c5 3. g3 e6 4. Bg2 a6 5. Nf3 Qc7 6. 0-0 Be7 7. d3 0-0 8. a3 b6 9. Rb1 Nc6 10. Bf4 Qa7 11. b4 cxb4 12. axb4 Bxb4 13. Qb3 Bb7 14. Ne1 Bc5 15. e3 Na5 16. Qa4 Rac8 17. d4 Bxd4 18. exd4 Rxc4 19. Qa3 Bxg2 20. Nxg2 Rxd4 21. Ne3 Rc8 22. Ne2 Re4 23. Rfc1 Rxc1+ 24. Rxc1 Nc6 25. Qd6 h6 26. f3 Ra4 27. Nc4 Rxc4 28. Rxc4 b5+ 29. Rc5 Ne8 30. Qd3 Qxc5+ 31. Be3 Qd6 32. Qb3 Na5 33. Qc3 Nc4 34. Bf4 e5 35. Bc1 Qc5+ 36. Kg2 d5 37. Qd3 Ned6 38. Nc3 d4 39. Ne4 Nxe4 40. Qxe4 Nd6 41. Qa8+ Qc8 0-1

[Event "Budapest FS07 FM-A"]
[Site "Budapest"]
[Date "2008.07.14"]
[Round "10"]
[White "Schreuder Peters, Misja"]
[Black "Osborne, Sam"]
[Result "1/2-1/2"]
[WhiteElo "1980"]
[BlackElo "2005"]
[PlyCount "39"]
[EventDate "2008.07.05"]
[EventType "tourn"]
[EventRounds "13"]
[EventCountry "HUN"]
[SourceTitle "CBM 125 Extra"]
[Source "ChessBase"]
[SourceDate "2008.09.01"]
[SourceVersion "1"]
[SourceVersionDate "2008.09.01"]
[SourceQuality "1"]

1. f4 d5 2. Nf3 Nf6 3. e3 g6 4. b4 Bg7 5. Bb2 0-0 6. a4 Re8 7. Be2 Nbd7 8. 0-0 Ne4 9. Bxg7 Kxg7 10. c4 c6 11. Qb3 Ndf6 12. Ne5 h5 13. cxd5 cxd5 14. Bf3 Be6 15. Qb2 Kg8 16. Na3 Ng4 17. Bxg4 hxg4 18. Nb5 Nd6 19. Nd4 Bf5 20. Nxf5 1/2-1/2

[Event "Budapest FS07 FM-A"]
[Site "Budapest"]
[Date "2008.07.12"]
[Round "8"]
[White "Schreuder Peters, Misja"]
[Black "Solomons, Anzel"]
[Result "1/2-1/2"]
[WhiteElo "1980"]
[BlackElo "1895"]
[PlyCount "55"]
[EventDate "2008.07.05"]
[EventType "tourn"]
[EventRounds "13"]
[EventCountry "HUN"]
[SourceTitle "CBM 125 Extra"]
[Source "ChessBase"]
[SourceDate "2008.09.01"]
[SourceVersion "1"]
[SourceVersionDate "2008.09.01"]
[SourceQuality "1"]

1. f4 d5 2. Nf3 Nf6 3. e3 g6 4. b4 Bg7 5. Bb2 0-0 6. Be2 b6 7. b5 c5 8. bxc6 Nxc6 9. 0-0 Bb7 10. a4 Rc8 11. Na3 Ne4 12. Bxg7 Kxg7 13. Nb5 Ba6 14. Ra2 Kg8 15. Re1 Bb7 16. Qb1 e6 17. Rd1 Qe7 18. Nbd4 f6 19. Nxc6 Bxc6 20. Qa1 Bd7 21. Bd3 Kg7 22. Qd4 Nc5 23. Bb5 Bxb5 24. axb5 Ne4 25. Rda1 Rf7 26. Qd3 Nc5 27. Qd4 Ne4 28. Qd3 1/2-1/2

[Event "Budapest FS07 FM-A"]
[Site "Budapest"]
[Date "2008.07.05"]
[Round "1"]
[White "Schreuder Peters, Misja"]
[Black "Gruz, Janos"]
[Result "1/2-1/2"]
[WhiteElo "1980"]
[BlackElo "2052"]
[PlyCount "24"]
[EventDate "2008.07.05"]
[EventType "tourn"]
[EventRounds "13"]
[EventCountry "HUN"]
[SourceTitle "CBM 125 Extra"]
[Source "ChessBase"]
[SourceDate "2008.09.01"]
[SourceVersion "1"]
[SourceVersionDate "2008.09.01"]
[SourceQuality "1"]

1. f4 c5 2. Nf3 Nf6 3. d3 d5 4. e3 Nc6 5. Be2 Qc7 6. 0-0 e5 7. Nc3 a6 8. Qe1 Bd7 9. Qg3 exf4 10. exf4 0-0-0 11. Ne5 Be8 12. Nxc6 Bxc6 1/2-1/2